Prueba de Burkina Faso - Estadísticas

Estadísticas generales
  • Esta prueba ha sido intentada 879 veces
  • La puntuación promedio es 10 de 15
Estadísticas de respuestas
Pista Respuesta % Correcto
Países limítrofes Malí
94%
Países limítrofes Níger
94%
País europeo que colonizó Burkina Faso, 1896-1960 Francia
93%
Países limítrofes Togo
91%
Países limítrofes Benín
90%
Países limítrofes Ghana
90%
Países limítrofes Costa de Marfil
86%
Capital de Burkina Faso Uagadugú
75%
Metal que constituye el 47% de las exportaciones Oro
70%
Estadística educativa que ha aumentado del 9% al 41% en los últimos 40 años Tasa de {alfabetización}
56%
Antiguo nombre de Burkina Faso (pista: un río) Alto {Volta}
43%
Región semiárida debajo del Sahara en la que se encuentra el norte de Burkina Faso Sahel
42%
Fibra que constituye el 31% de las exportaciones Algodón
38%
El revolucionario conocido como el Che Guevara "africano" {Thomas} Sankara
25%
La lengua nativa más hablada (pista: comienza con M) Mossi
13%
No se encontraron pruebas coincidentes
Distribución de puntuación
Porcentaje de gente con cada puntuación
Porcentaje por número respondido
Historial de tus puntuaciones
No has intentado esta prueba.